Влияние величины воздушного зазора на свойства асинхронного двигателя; Научно-техническая конференция, посвященная 25-летию Великой Октябрьской социалистической революции, Томск 3-6 декабря 1942 г.

Dades bibliogràfiques
Parent link:Научно-техническая конференция, посвященная 25-летию Великой Октябрьской социалистической революции, Томск 3-6 декабря 1942 г..— 1942.— С. 55-56
Autor principal: Бергер А. Я. Александр Яковлевич
Idioma:rus
Publicat: 1942
Col·lecció:Энергетическая секция
Matèries:
Format: MixedMaterials Capítol de llibre
KOHA link:https://koha.lib.tpu.ru/cgi-bin/koha/opac-detail.pl?biblionumber=176827

MARC

LEADER 00000naa2a2200000 4500
001 176827
005 20231101223310.0
035 |a (RuTPU)RU\TPU\book\191720 
035 |a RU\TPU\tpu\4565 
090 |a 176827 
100 |a 20100304d1942 k y0rusy50 ca 
101 0 |a rus 
102 |a RU 
200 1 |a Влияние величины воздушного зазора на свойства асинхронного двигателя  |f А. Я. Бергер 
225 1 |a Энергетическая секция 
463 0 |0 (RuTPU)RU\TPU\book\175283  |t Научно-техническая конференция, посвященная 25-летию Великой Октябрьской социалистической революции, Томск 3-6 декабря 1942 г.  |o тезисы докладов  |f Томский индустриальный институт (ТИИ) ; под ред. К. Н. Шмаргунов ; М. К. Коровин  |v С. 55-56  |d 1942  |p 74 с. 
610 1 |a электрические машины 
610 1 |a труды учёных ТПУ 
610 1 |a электропривод 
700 1 |a Бергер  |b А. Я.  |c профессор ЛПИ  |c профессор кафедры электрических машин и аппаратов ТИИ в 1942-1943 гг.  |f ?-?  |g Александр Яковлевич  |2 stltpush  |3 (RuTPU)RU\TPU\pers\22825  |9 9803 
801 0 |a RU  |b 63413507  |c 20011210  |g PSBO 
801 2 |a RU  |b 63413507  |c 20100311  |g PSBO 
942 |c BK